<?xml version="1.0" encoding="UTF-8"?><?xml-stylesheet type="text/xsl" href="static/style.xsl"?><OAI-PMH xmlns="http://www.openarchives.org/OAI/2.0/" xmlns:xsi="http://www.w3.org/2001/XMLSchema-instance" xsi:schemaLocation="http://www.openarchives.org/OAI/2.0/ http://www.openarchives.org/OAI/2.0/OAI-PMH.xsd"><responseDate>2026-04-17T02:55:27Z</responseDate><request verb="GetRecord" identifier="oai:www.recercat.cat:20.500.12694/7452" metadataPrefix="marc">https://recercat.cat/oai/request</request><GetRecord><record><header><identifier>oai:recercat.cat:20.500.12694/7452</identifier><datestamp>2026-01-01T05:31:30Z</datestamp><setSpec>com_2072_179042</setSpec><setSpec>col_2072_484474</setSpec></header><metadata><record xmlns="http://www.loc.gov/MARC21/slim" xmlns:dcterms="http://purl.org/dc/terms/" xmlns:xsi="http://www.w3.org/2001/XMLSchema-instance" xmlns:doc="http://www.lyncode.com/xoai" xsi:schemaLocation="http://www.loc.gov/MARC21/slim http://www.loc.gov/standards/marcxml/schema/MARC21slim.xsd">
   <leader>00925njm 22002777a 4500</leader>
   <datafield ind2=" " ind1=" " tag="042">
      <subfield code="a">dc</subfield>
   </datafield>
   <datafield ind2=" " ind1=" " tag="720">
      <subfield code="a">Selvas Bou, Maria</subfield>
      <subfield code="e">author</subfield>
   </datafield>
   <datafield ind2=" " ind1=" " tag="260">
      <subfield code="c">2023-06</subfield>
   </datafield>
   <datafield ind2=" " ind1=" " tag="520">
      <subfield code="a">Aquest treball ha consistit en una investigació autobiogràfica a través de la participació en el projecte Aula Orquestra. A partir de la recerca de les diferents qualitats educatives i dels diversos exemples de l’ús de la música clàssica en projectes comunitaris, he dut a terme una intervenció pedagògica en un projecte de característiques similars. Aquesta proposta és el resultat d’una investigació sobre el context escollit i les seves particularitats, amb l’objectiu d’aconseguir un impacte positiu en les capacitats socials i comunicatives dels grups participants.</subfield>
   </datafield>
   <datafield ind2=" " ind1=" " tag="520">
      <subfield code="a">Este trabajo consiste en una investigación autobiográfica a través de la participación en el proyecto Aula Orquestra. A partir de la búsqueda de las diferentes cualidades educativas y de los distintos ejemplos del uso de la música clásica en proyectos comunitarios, he llevado a cabo una intervención pedagógica en un proyecto de características similares. Esta propuesta ha sido fruto de una investigación sobre el contexto seleccionado y sus particularidades, con el objetivo de generar un impacto en las capacidades sociales y comunicativas de los grupos participantes.</subfield>
   </datafield>
   <datafield ind2=" " ind1=" " tag="520">
      <subfield code="a">This work consisted of an autobiographical investigation through my collaboration with the project, Orquestra de la Llotja. Based on the research for the different educational qualities and the various examples of the use of classical music in community projects, I have carried out a pedagogical intervention in a project with the same characteristics. This proposal has been the result of an investigation into the chosen context and its characteristics, in order to achieve an impact on the social and communicative capacities of the chosen groups.</subfield>
   </datafield>
   <datafield ind1="8" ind2=" " tag="024">
      <subfield code="a">http://hdl.handle.net/20.500.12694/7452</subfield>
   </datafield>
   <datafield tag="653" ind2=" " ind1=" ">
      <subfield code="a">TFG Música clàssica i contemporània</subfield>
   </datafield>
   <datafield tag="653" ind2=" " ind1=" ">
      <subfield code="a">Música--S. XIX</subfield>
   </datafield>
   <datafield tag="653" ind2=" " ind1=" ">
      <subfield code="a">Projectes d'art comunitari</subfield>
   </datafield>
   <datafield tag="653" ind2=" " ind1=" ">
      <subfield code="a">Estereotips (Psicologia social)</subfield>
   </datafield>
   <datafield tag="653" ind2=" " ind1=" ">
      <subfield code="a">Projecte educatiu</subfield>
   </datafield>
   <datafield ind2="0" ind1="0" tag="245">
      <subfield code="a">L'ús de la música clàssica en processos de desenvolupament artístic comunitari: creació d'una proposta educativa i artística per trencar esterotips i prejudicis pel que fa a la presència de repertori clàssic en contextos no especialitzats</subfield>
   </datafield>
</record></metadata></record></GetRecord></OAI-PMH>